000 00650nam a22002417a 4500
999 _c18628
_d18628
001 15544261
003 OSt
005 20200909112200.0
007 sd fsngnnmmneu
008 160804b xxu||||| |||| 00| 0 eng d
010 _a 2008655680
020 _a0971880123
020 _a9780971880122
040 _aMMU
_cMMU
_dMMU
_beng
050 0 0 _aFic. PS3619 .H374W55 2004
100 1 _aShapero, Rich.
245 1 0 _aWild animals/
_cwritten by Rich Shapero.
260 _aWoodside, Calif:
_bToo Far,
_cp2005, [2004]
650 0 _aMetaphysics
_vFiction.
650 0 _aSpiritual life
_vFiction.
700 1 _aCoyote, Peter.
942 _2lcc
_cLOAN LOAN